000 00233nam a2200097Ia 4500
008 200302s9999 xx 000 0 und d
100 _aPercy Cane
245 _aThe Creative Art of Garden Design
260 _bPublisher
300 _a125 P.,
999 _c2204
_d2204